|
|
|
|
| LEADER |
00000nam0a2200000 4500 |
| 001 |
187491 |
| 005 |
20231101224053.0 |
| 010 |
|
|
|a 9785864042342
|
| 035 |
|
|
|a (RuTPU)RU\TPU\book\203451
|
| 090 |
|
|
|a 187491
|
| 100 |
|
|
|a 20101117d2010 m y0rusy50 ca
|
| 101 |
0 |
|
|a rus
|
| 102 |
|
|
|a RU
|
| 105 |
|
|
|a a j 001zy
|
| 200 |
1 |
|
|a Методы дискретной математики в криптологии
|e учебное пособие для вузов
|f В. М. Фомичев
|
| 210 |
|
|
|a Москва
|c Диалог-МИФИ
|d 2010
|
| 215 |
|
|
|a 424 с.
|c ил.
|
| 320 |
|
|
|a Библиогр.: с. 413-417.
|
| 320 |
|
|
|a Предметный указатель: с. 402-412.
|
| 330 |
|
|
|a Книга написана ведущим специалистом в области криптологии, имеющим многолетний опыт преподавания в МИФИ. Систематически изложены свойства функций, определенных на конечных множествах, актуальные для построения и анализа криптографических систем. С целью закрепления материала даны задачи и упражнения. Книга предназначена для студентов и аспирантов, изучающих криптографические методы защиты информации, а также для преподавателей и практических работников в области информационной безопасности информационных и телекоммуникационных систем.
|
| 606 |
1 |
|
|a Компьютерная безопасность
|2 stltpush
|3 (RuTPU)RU\TPU\subj\68775
|9 83933
|
| 606 |
1 |
|
|a Дискретная математика
|2 stltpush
|3 (RuTPU)RU\TPU\subj\9597
|9 36814
|
| 610 |
1 |
|
|a множества
|
| 610 |
1 |
|
|a отображения
|
| 610 |
1 |
|
|a алгебраические группы
|
| 610 |
1 |
|
|a алгебра логики
|
| 610 |
1 |
|
|a функции
|
| 610 |
1 |
|
|a k-значные логики
|
| 610 |
1 |
|
|a последовательности
|
| 610 |
1 |
|
|a конечные автоматы
|
| 610 |
1 |
|
|a конечные группы
|
| 610 |
1 |
|
|a нелинейные отображения
|
| 610 |
1 |
|
|a криптографическая защита
|
| 610 |
1 |
|
|a криптографические методы
|
| 610 |
1 |
|
|a криптографические системы
|
| 610 |
1 |
|
|a криптографические свойства
|
| 610 |
1 |
|
|a информация
|
| 610 |
1 |
|
|a защита
|
| 610 |
1 |
|
|a криптография
|
| 610 |
1 |
|
|a криптозащита
|
| 610 |
1 |
|
|a открытые сообщения
|
| 610 |
1 |
|
|a шифры
|
| 610 |
1 |
|
|a криптографические генераторы
|
| 610 |
1 |
|
|a криптографический анализ
|
| 610 |
1 |
|
|a статистические методы
|
| 610 |
1 |
|
|a алгоритмы
|
| 610 |
1 |
|
|a шифросистемы
|
| 610 |
1 |
|
|a учебные пособия
|
| 675 |
|
|
|a 681.3.067(075.8)
|v 3
|
| 675 |
|
|
|a 51-022.334(075.8)
|v 3
|
| 700 |
|
1 |
|a Фомичев
|b В. М.
|g Владимир Михайлович
|
| 801 |
|
1 |
|a RU
|b 63413507
|c 20101117
|
| 801 |
|
2 |
|a RU
|b 63413507
|c 20210205
|g RCR
|
| 942 |
|
|
|c BK
|